| 000 | 00859nam a2200253 i 4500 | ||
|---|---|---|---|
| 001 | 181487 | ||
| 003 | ES-MaACL | ||
| 005 | 20240515063133.0 | ||
| 008 | 130123s2012 sp | |||||||| | spa d | ||
| 020 | _a978-84-15297-56-7 | ||
| 080 | _a821.134.2-92"19" | ||
| 100 | 1 |
_aAyala, Francisco, _d1906-2009 _924111 |
|
| 245 | 1 | 0 |
_aFrancisco Ayala en "La Nación" de Buenos Aires / _cprólogo de Carolyn Richmond ; introducción y edición de Irma Emiliozzi. |
| 260 |
_aValencia : _bPre-Textos, _c2012. |
||
| 300 |
_a400 p. ; _c24 cm. |
||
| 490 | 1 |
_aPre-textos ; _v1168 |
|
| 500 | _aÍndice. | ||
| 700 | 1 |
_aEmiliozzi, Irma. _947151 |
|
| 700 | 0 |
_aRichmond, Carolyn. _996962 |
|
| 830 | 0 |
_aPre-textos ; _v1168 _9178641 |
|
| 852 |
_aES-MaACL _jA-12554 _9188388 _bR.148656 _cDEPO1 _dOlim: N-5557 |
||
| 942 |
_2udc _cMONOGRAFIA |
||
| 999 |
_c181487 _d181487 |
||